000 00705cam a2200193 4500
001 WB3546-09
008 000000n1999 000 0 eng u
035 _a(Sirsi) u102748
245 _aMace to launch off-the-shelf offices
260 _c1999
490 _aBuilding
_v264(8113) 19 November 1999, 18(1)
520 _aMace hopes to revolutionise the office market with predesigned buildings that can be tailored to meet individual client needs. The company says its research shows that it can reduce lead times from 60 weeks to 40.
590 _aWB
650 _aOFFICE BUILDINGS
650 _aPREDESIGN
650 _aCLIENT NEEDS
690 _aBUILT ENVIRONMENT-CONSTRUCTION DESIGN
942 _n0
999 _c61732
_d61732